LEADER 01343nam a2200289 u 4500 001 000000092716 003 CaOOAMICUS 005 20070226124953.0 008 060726s2006 it u000 u ita u 035 $a11096365 040 $aPUL$bita 100 1 $aAlfieri, Vittorio,$d1749-1803.$0(OLS)http://pul/name/5396 240 10$aOpere$9(Alfieri, Vittorio, 1749-1803).$lita.$0(OLS)http://pul/title/119635 245 10$aOpere /$cVittorio Alfieri, a cura di Mario Fubini. 260 $a[Roma] :$bBiblioteca Treccani,$cc2006. 300 $acxviii, 566 p. ;$c22 cm 490 1 $aLetteratura e vita civile.$aI classici del pensiero italiano ;$v12 500 $aEdizione speciale per la Biblioteca Treccani ed Il Sole 24 ORE. 504 $aInclude note bibliografiche. 650 4$aPolitica e letteratura.$0(OLS)http://pul/subject/19338 700 1 $aFubini, Mario,$d1900-1977.$0(OLS)http://pul/name/9009 830 0$aLetteratura e vita civile.$pI classici del pensiero italiano ;$v12.$0(OLS)http://pul/title/119304 850 $aPUL 852 $aPUL$W1$xSL Cons. Gen., Altre Classi 3$y75$m854 COLL 1.12$j116568$nBK-PRI$b $qDDC 21$B116568$CPULBib$Z2$F116568 $HPUL101725 $81 941 1 $a9 996 $6245$aOpere$9(OLS)http://pul/title/9199 996 $6260$a[Roma] :$bBiblioteca Treccani$9(OLS)http://pul/publisher/79101 LEADER 01649nam a2200373 a 4500 001 000000132838 003 CaOOAMICUS 005 20130218113526.0 008 130218s2012 it u000 u ita r 020 $a88-14-16301-4 040 $aPUL$bita 082 04$a345.45 245 00$aAtti :$bartt. 109-186 /$ca cura di Roberta Aprati ... [et al.] ; coordinamento di Pasquale Bronzo. 250 $aNuova ed. 260 $aMilano :$bGiuffrè,$c©2012. 300 $aXXXVII, 1016 p. ;$c25 cm. 490 1 $aCodice di procedura penale : rassegna di giurisprudenza e di dottrina ;$v02 500 $aSul front.: Volume II. Libro II. 500 $aIn testa al front.: Giorgio Lattanzi, Ernesto Lupo. 504 $aBibliografia in nota. 650 4$aProcedura penale$zItalia.$0(OLS)http://pul/subject/12686 700 1 $aBronzo, Pasquale.$0(OLS)http://pul/name/85341 700 1 $aAprati, Roberta.$0(OLS)http://pul/name/85610 700 1 $aLupo, Ernesto.$0(OLS)http://pul/name/85343 700 1 $aLattanzi, Giorgio.$0(OLS)http://pul/name/51063 830 0$aCodice di procedura penale : rassegna di giurisprudenza e di dottrina ;$v02.$0(OLS)http://pul/title/167434 850 $aPUL 852 $aPUL$W1$xSL Diritto e Scienze Sociali 3$y79$m345. 45 LATGI 1.2$j152760$qDDC 21$B152210$CPULBib$Z2$F152210 $H121645 $82 941 1 $a9 996 $6020$a88-14-16301-4$9(OLS)http://pul/number/151858 996 $6082$a345.45$9(OLS)http://pul/classification/371 996 $6245$aAtti :$bartt. 109-186$9(OLS)http://pul/title/167823 996 $6260$aMilano :$bGiuffrè$9(OLS)http://pul/publisher/48401